First Name Basis: Presidents & First Ladies Quiz Stats

 Plays Quiz Updated Nov 28, 2017

Challenge
Share
Tweet
Embed
Score 0/44 Timer 03:00
6 Plays Today
First Names Presidential Surname % Correct
Barack & MichelleObama
98.3%
George & MarthaWashington
98.2%
Abraham & MaryLincoln
98.1%
Ulysses & JuliaGrant
97.2%
Dwight & MamieEisenhower
96.4%
Franklin & EleanorRoosevelt
95.1%
Theodore & EdithRoosevelt
94%
Lyndon & Lady BirdJohnson
93.6%
Ronald & NancyReagan
93%
Woodrow & EllenWilson
92.6%
George & BarbaraBush
91.4%
Zachary & MargaretTaylor
88.8%
John & JacquelineKennedy
88.7%
George & LauraBush
88.6%
Richard & PatNixon
87.6%
Millard & AbigailFillmore
84.7%
Rutherford & LucyHayes
83.6%
Harry & BessTruman
81.4%
Grover & FrancesCleveland
81%
Martin & HannahVan Buren
79.8%
Donald & MelaniaTrump
79.2%
Andrew & ElizaJohnson
77%
First Names Presidential Surname % Correct
Gerald & BettyFord
76.4%
Herbert & LouHoover
76.3%
Benjamin & CarolineHarrison
76.2%
James & DolleyMadison
75.6%
Jimmy & RosalynnCarter
71.7%
John & LouisaAdams
71.3%
Warren & FlorenceHarding
71%
Thomas & Martha**Jefferson
67.8%
Franklin & JanePierce
65.7%
Bill & HillaryClinton
61.7%
Andrew & RachelJackson
59.1%
Calvin & GraceCoolidge
58.6%
James & ElizabethMonroe
54.2%
John & AbigailAdams
50.4%
Chester & EllenArthur
50.2%
William & IdaMcKinley
47.6%
William & AnnaHarrison
38.5%
William & HelenTaft
34.5%
James & Harriet*Buchanan
33.6%
James & SarahPolk
29.2%
John & Letitia***Tyler
24.5%
James & LucretiaGarfield
18.5%

You're not logged in!

Compare scores with friends on all Sporcle quizzes.
OR
Log In

You Might Also Like...

Show Comments

Extras

Top Quizzes Today


Score Distribution

Your Account Isn't Verified!

In order to create a playlist on Sporcle, you need to verify the email address you used during registration. Go to your Sporcle Settings to finish the process.

Report this User

Report this user for behavior that violates our Community Guidelines.

Details: